|
|
|
|
| LEADER |
00000nam0a2200000 4500 |
| 001 |
29475 |
| 005 |
20231030203501.0 |
| 010 |
|
|
|a 5040047088
|
| 035 |
|
|
|a (RuTPU)RU\TPU\book\29740
|
| 035 |
|
|
|a BOOK00029815
|
| 090 |
|
|
|a 29475
|
| 100 |
|
|
|a 20011209d2000 m y0rusy50 ca
|
| 101 |
0 |
|
|a rus
|
| 102 |
|
|
|a RU
|
| 105 |
|
|
|a y j 001zy
|
| 200 |
1 |
|
|a Психология
|f Л. С. Выготский
|
| 210 |
|
|
|a Москва
|c ЭКСМО-Пресс
|d 2000
|
| 215 |
|
|
|a 1007 с.
|
| 225 |
1 |
|
|a Мир психологии
|
| 320 |
|
|
|a Библиогр.: с. 998-1003.
|
| 610 |
1 |
|
|a психология
|
| 610 |
1 |
|
|a поведение
|
| 610 |
1 |
|
|a рефлексы
|
| 610 |
1 |
|
|a инстинкты
|
| 610 |
1 |
|
|a высшая нервная деятельность
|
| 610 |
1 |
|
|a эмоции
|
| 610 |
1 |
|
|a внимание
|
| 610 |
1 |
|
|a память
|
| 610 |
1 |
|
|a воображение
|
| 610 |
1 |
|
|a мышление
|
| 610 |
1 |
|
|a темперамент
|
| 610 |
1 |
|
|a характеры
|
| 610 |
1 |
|
|a психика
|
| 610 |
1 |
|
|a сознание
|
| 610 |
1 |
|
|a бессознательное
|
| 610 |
1 |
|
|a речь
|
| 610 |
1 |
|
|a развитие
|
| 610 |
1 |
|
|a детская психология
|
| 610 |
1 |
|
|a знаковые операции
|
| 610 |
1 |
|
|a учебные пособия
|
| 686 |
|
|
|a Ю93я73
|v LBC/SL-A
|2 rubbk
|
| 700 |
|
1 |
|a Выготский
|b Л. С.
|g Лев Семенович
|
| 801 |
|
0 |
|a RU
|b 63413507
|c 20011209
|g PSBO
|
| 801 |
|
2 |
|a RU
|b 63413507
|c 20120110
|g PSBO
|
| 942 |
|
|
|c BK
|